| 000 | 00774nam 22002173 4500 | ||
|---|---|---|---|
| 001 | 197828 | ||
| 090 | _a197828 | ||
| 100 | _a20250911d u||y0pory50 ba | ||
| 200 |
_aO livro : impressão e fabrico _fDouglas C. Mcmurtrie _gtradução de Maria Luísa Saavedra Machado ; prefácio e notas de Jorge Peixoto |
||
| 205 | _a2ª | ||
| 210 |
_aLisboa _cFundação Calouste Gulbenkian _dimp. 1982 |
||
| 215 |
_a[XIII], 688, [4] p. _cbrochado _d24 cm |
||
| 225 | _aManuais universitários | ||
| 606 |
_91270 _aBiblioteconomia _xBibliotecas |
||
| 675 |
_a02 _vPT _zpor |
||
| 700 |
_913880 _aMcmurtrie _bDouglas C. _f1888-1940 |
||
| 702 |
_913881 _aMachado _bMaria Luísa Saavedra _f1934- |
||
| 702 |
_913882 _aPeixoto _bJorge _f1920- |
||
| 801 |
_aPT _bBMMN _gRPC |
||
| 830 | _cVanda | ||
| 990 | _cLIVROS | ||